| 000 | 00608nam a2200241 a 4500 | ||
|---|---|---|---|
| 001 | nice12345678 | ||
| 003 | IN_TiNIC | ||
| 005 | 20260116013830.0 | ||
| 008 | 050524s1997 lona grp 000 0 eng | ||
| 020 |
_a0333376 _c12 |
||
| 082 | 0 | 0 |
_a297.0958 _bHAG |
| 100 | _aHaghayedhi, Mehrdad | ||
| 245 | _aIslam and Politics in Central Asia. | ||
| 260 |
_aLondon _bMacmillan Press _c1997 |
||
| 300 | _a263p. | ||
| 500 | _aincludes index and biblioraphy | ||
| 505 | 2 | _aIndex | |
| 650 | _aIslam-Central Asia | ||
| 700 | 1 | _aHaghayedhi, Mehrdad | |
| 902 | _bSRS | ||
| 942 | _cBK | ||
| 999 |
_c12721 _d12721 |
||